000 01705nam a22001577a 4500
041 _aukr
080 _a09
090 _bГВО
100 _aГолік В.О.
245 _aВплив прийменників та прислівників на формування семантики усталених виразів з дієсловом to take
260 _aОстрог
_bКАФ
_c2007
300 _a52
520 _aВСТУП. РОЗДІЛ 1. ЛЕКСИКО СЕМАНТИЧНЕ ПОЛЕ ТА ЙОГО ДОСЛІДЖЕННЯ. 1.1. Семантика як наука. 1.2. Визначення поняття "лексико семантичне поле" та його характерні особливості. 1.3. Типи семантичних полів. 1.4. Системні зв’язки. 1.4.1. Полісемія у семантиці. 1.4.2. Лексична і фразеологічна омонімія. 1.4.3. Лексична і фразеологічна синонімія. 1.4.4. Лексична і фразеологічна антонімія. 1.5. Семантичні зв’язки та типи значень. 1.6. Фразеологічні одиниці та їх класифікація. РОЗДІЛ 2. ОПИС СЕМАНТИКИ УСТАЛЕНИХ ВИРАЗІВ З ДІЄСЛОВОМ TO TAKE. 2.1. Прийменники в англійській мові, їх семантика та функції. 2.2. Особливості вживання прийменників з дієсловом to take. ВИСНОВКИ.
_0Семантика виразів, прийменники, прислівники.
650 _aResearch Papers
999 _c283924
_d283924
942 _cBK